000 00891cab a2200289 4500
001 ABS53669
008 090401t1995 xxu||||| |||| 00| 0 eng d
035 _a(Sirsi) u5772
041 _aeng
100 _aWilliams, G.
245 _aLocal governance and urban prospects: the potential of city pride
260 _c1995
350 _a0
490 _aLocal Economy
_v10(2) August 1995, 100-133(18)
520 _aSet of papers assessing the potential of the City Pride initiative. Includes case studies on City Pride schemes in Birmingham, London and Manchester.
650 _aBIRMINGHAM CITY PRIDE
650 _aCITY PRIDE SCHEMES
650 _aLONDON CITY PRIDE
650 _aMANCHESTER CITY PRIDE
650 _aURBAN POLICY
650 _aURBAN REGENERATION
690 _aURBAN RENEWAL
700 _aHall, S.
700 _aNewman, P.
942 _n0
948 _c04/03/1997
999 _c3443
_d3443